<?xml version="1.0" encoding="UTF-8"?>
<record
    xmlns:xsi="http://www.w3.org/2001/XMLSchema-instance"
    xsi:schemaLocation="http://www.loc.gov/MARC21/slim http://www.loc.gov/standards/marcxml/schema/MARC21slim.xsd"
    xmlns="http://www.loc.gov/MARC21/slim">

  <leader>00886nam a22002057a 4500</leader>
  <datafield tag="952" ind1=" " ind2=" ">
    <subfield code="0">0</subfield>
    <subfield code="1">0</subfield>
    <subfield code="2">ddc</subfield>
    <subfield code="4">0</subfield>
    <subfield code="7">0</subfield>
    <subfield code="8">NFIC</subfield>
    <subfield code="a">ASL</subfield>
    <subfield code="b">ASL</subfield>
    <subfield code="c">GEN</subfield>
    <subfield code="d">2020-10-25</subfield>
    <subfield code="e">Complementary</subfield>
    <subfield code="l">0</subfield>
    <subfield code="o">922 SIS</subfield>
    <subfield code="p">102029</subfield>
    <subfield code="r">2020-10-25 00:00:00</subfield>
    <subfield code="t">C-1</subfield>
    <subfield code="w">2020-10-25</subfield>
    <subfield code="y">BK</subfield>
  </datafield>
  <datafield tag="999" ind1=" " ind2=" ">
    <subfield code="c">18803</subfield>
    <subfield code="d">18803</subfield>
  </datafield>
  <controlfield tag="003">BDDh-ASL</controlfield>
  <controlfield tag="005">20231015025734.0</controlfield>
  <controlfield tag="008">201025s2012    bg ||||| |||| 00| 0 b   d</controlfield>
  <datafield tag="040" ind1=" " ind2=" ">
    <subfield code="a">BDDh-ASL</subfield>
    <subfield code="c">BDDh-ASL</subfield>
  </datafield>
  <datafield tag="041" ind1=" " ind2=" ">
    <subfield code="a">ben</subfield>
  </datafield>
  <datafield tag="082" ind1=" " ind2=" ">
    <subfield code="a">922</subfield>
    <subfield code="b">SIS</subfield>
  </datafield>
  <datafield tag="100" ind1="1" ind2=" ">
    <subfield code="9">1695</subfield>
    <subfield code="a">&#x9B8;&#x9BF;&#x9A6;&#x9CD;&#x9A6;&#x9BF;&#x995;&#x9C0;, &#x99C;&#x9B9;&#x9C1;&#x9B0;&#x9C1;&#x9B2; &#x986;&#x9B2;&#x9AE;</subfield>
  </datafield>
  <datafield tag="245" ind1="1" ind2="0">
    <subfield code="a">&#x9B8;&#x9A4;&#x9CD;&#x9AF;&#x9C7;&#x9B0; &#x9B8;&#x9BE;&#x9A7;&#x995; &#x9B9;&#x99C;&#x9B0;&#x9A4; &#x986;&#x9AC;&#x9C1;&#x99C;&#x9B0; &#x997;&#x9BF;&#x9AB;&#x9BE;&#x9B0;&#x9C0; (&#x9B0;&#x9BE;.) /</subfield>
  </datafield>
  <datafield tag="246" ind1=" " ind2=" ">
    <subfield code="a">Shater Sadhak Jajorat Abudharr Ghifaree (Ra.) by Zahurul Alam Siddiqui</subfield>
  </datafield>
  <datafield tag="260" ind1=" " ind2=" ">
    <subfield code="a">&#x9A2;&#x9BE;&#x995;&#x9BE;: </subfield>
    <subfield code="b">&#x99C;&#x9BE;&#x9A4;&#x9C0;&#x9AF;&#x9BC; &#x997;&#x9CD;&#x9B0;&#x9A8;&#x9CD;&#x9A5; &#x9AA;&#x9CD;&#x9B0;&#x995;&#x9BE;&#x9B6;&#x9A8;, </subfield>
    <subfield code="c">2012.</subfield>
  </datafield>
  <datafield tag="300" ind1=" " ind2=" ">
    <subfield code="a">&#x9EF;&#x9EC; &#x9AA;&#x9C3;. :</subfield>
    <subfield code="c">&#x9E8;&#x9E8; &#x9B8;&#x9C7;. &#x9AE;&#x9BF;. </subfield>
  </datafield>
  <datafield tag="600" ind1="1" ind2="0">
    <subfield code="9">1696</subfield>
    <subfield code="a">&#x997;&#x9BF;&#x9AB;&#x9BE;&#x9B0;&#x9C0;, &#x9B9;&#x9AF;&#x9B0;&#x9A4; &#x986;&#x9AC;&#x99C;&#x9B0;</subfield>
    <subfield code="c">(&#x9B0;&#x9BE;.)</subfield>
    <subfield code="x">&#x99C;&#x9C0;&#x9AC;&#x9A8;&#x9C0; </subfield>
  </datafield>
  <datafield tag="650" ind1=" " ind2="0">
    <subfield code="9">1697</subfield>
    <subfield code="a">&#x99C;&#x9C0;&#x9AC;&#x9A8;&#x9C0; </subfield>
    <subfield code="x">&#x9B9;&#x9AF;&#x9B0;&#x9A4; &#x986;&#x9AC;&#x99C;&#x9B0; &#x997;&#x9BF;&#x9AB;&#x9BE;&#x9B0;&#x9C0; (&#x9B0;&#x9BE;. )</subfield>
  </datafield>
  <datafield tag="942" ind1=" " ind2=" ">
    <subfield code="2">ddc</subfield>
    <subfield code="c">BK</subfield>
  </datafield>
</record>
